[Event "SVK-chT2C 2122"]
[Site "Slovakia"]
[Date "2022.02.05"]
[Round "3.8"]
[White "Kmet, Ivan"]
[Black "Dibala, Radovan"]
[Result "0-1"]
[WhiteElo "1596"]
[BlackElo "1893"]
[PlyCount "36"]
[EventDate "2021.10.16"]
[EventType "team-tourn"]
[EventRounds "11"]
[EventCountry "SVK"]
[SourceTitle "EXT 2023"]
[Source "ChessBase"]
[SourceDate "2022.10.05"]
[SourceVersion "1"]
[SourceVersionDate "2022.10.05"]
[SourceQuality "1"]
[WhiteTeam "Banska Bystrica Kurta"]
[BlackTeam "Dunajov III"]
[WhiteTeamCountry "SVK"]
[BlackTeamCountry "SVK"]

1. e4 e6 2. d4 d5 3. Nd2 dxe4 4. Nxe4 Nf6 5. Bg5 Be7 6. Nxf6+ Bxf6 7. Bxf6 Qxf6 8. Nf3 0-0 9. Bd3 Nc6 10. c3 e5 11. 0-0 Bg4 12. Be4 exd4 13. cxd4 Rad8 14. Qc2 Bxf3 15. Bxh7+ Kh8 16. gxf3 g6 17. Bxg6 Qxg6+ 18. Qxg6 fxg6 0-1